000 00715nam a2200193 a 4500
005 20150806102650.0
008 131218b2002 ck ||||| |||| 00| 0 spa d
040 _aCO-BoIAVH
_cCO-BoIAVH
041 _aspa
090 _aLB
_b04004
100 1 _aFuentes Obeid, Samira Patricia
_93431
245 _aEcología de Trachemys scripta callirostris (Hicotea) y su papel en la socioeconomía de la comunidad de Isla del Coco, subregión de La Mojana departamento de sucre, Colombia
260 _aSincelejo :
_bUniversidad de Sucre,
_bInstituto Humboldt,
_c2002.
300 _a69 p.
700 1 _aMarín, Alcides Sampedro
_93432
700 1 _aArdila Marulanda, Merly
_93433
942 _cLIBRO
_02
_2z
945 _d2005-02-23
999 _c4341
_d4341